4ALCO - Statistiques

Statistiques générales
  • Ce quiz a été pris 22 fois
  • Le résultat moyen est 15 sur 15
Statistiques - réponses
Hint Réponse % Correct
Il s'est réveiller dans le jardin d'un EHPAD pendant un festival et s'est fait ramener par les flics Alban
100%
Il s'est coupé en jetant un radiateur sur le nouveau tramway a 5h du mat Alex
100%
Il a pécho quitrie et sa jumelle Auxence
100%
Il a réussi a galoche avec un énorme bouton de fièvre Basile
100%
Il s'est aspergé la teub de gel hydroalcoolique dans la péniche Chapeau
100%
Il est en couple avec sa future ex Drapeau
100%
Il s'est casser la gueule en vélo et a dit au prof qu'il s'était fait agresser Elouan
100%
Il est aller a nantes sur un coup de tete a 5h du mat Hakim
100%
Il sors une fois par saison Jonas
100%
Il a fait 28h de soirée sous poppers Kelvin
100%
Il a tâté la poitrine de julia en sortant de la péniche Kieran
100%
Il a fumé Mel Matteo G
100%
Il a pécho sousou et julia dans la même minute Matteo J
100%
Il a fait un excel pour economiser 15euros de frais de voiture #rat Killian
83%
Il a chopé une 1A et une 5A la même soirée Thomas
67%
Aucun quiz correspondant
Distribution des résultats
% des personnes avec chaque résultat
Percentile par nombre de réponses
Votre historique - résultats
Vous n’avez pas pris ce quiz